| 000 | 00466nam a2200157 4500 | ||
|---|---|---|---|
| 001 | 132730 | ||
| 003 | ES-MaACL | ||
| 005 | 20230906194233.0 | ||
| 007 | t| | ||
| 008 | 070214s1965 sp r ||||1| spa d | ||
| 100 | 1 |
_aRos, Félix. _999572 |
|
| 245 | 1 | 0 |
_aAntología poética de la lengua catalana _b: (puesta en versos castellanos) / _cFélix Ros. |
| 260 |
_aMadrid : _bEd. Nacional, _c1965. |
||
| 300 |
_a478 p. ; _c25 cm. |
||
| 852 |
_aES-MaACL _jC-28566 _bR.57772 |
||
| 999 |
_c132730 _d132730 |
||